000 00766cam a2200253u 4500
999 _c20821
_d20821
001 7976569
003 BDDh-ASL
005 20231015025936.0
008 801222s1963 enk 000 0 eng
010 _a 63003811
040 _aDLC
_cCarP
_dDLC
_dBDDh-ASL
043 _ae-uk-en
050 0 0 _aBP64.A4
_bW35
082 _a297.8
_bFIA
100 1 _aFisher, Humphrey J.
245 1 0 _aAhmadiyyah:
_ba study in contemporary Islām on the West African coast /
260 _a[London]:
_bPublished [by] Oxford University Press,
_c1963.
300 _a206 p.:
_c22 cm.
504 _aInclude Bibliographical References and Index
650 0 _aIslam
_zAfrica, West.
650 0 _aAhmadiyya.
906 _a0
_bcbc
_cpremunv
_du
_encip
_f19
_gy-gencatlg
942 _2ddc
_cBK